[Event "FRA-chT2 0910"]
[Site "France"]
[Date "2009.10.04"]
[Round "1.8"]
[White "Afraoui, Solenn"]
[Black "Billard, Isabelle"]
[Result "1-0"]
[WhiteElo "1815"]
[BlackElo "1432"]
[PlyCount "71"]
[EventDate "2009.09.27"]
[EventType "team"]
[EventRounds "11"]
[EventCountry "FRA"]
[Source "ChessBase"]
[SourceDate "2010.03.11"]

1. Nf3 Nf6 2. g3 d5 3. d4 e6 4. Bg2 b5 5. O-O Bb7 6. Nbd2 Nbd7 7. b3 Nb6 8. Bb2
Be7 9. Ne5 O-O 10. c4 bxc4 11. bxc4 c5 12. e3 Rb8 13. Qc2 cxd4 14. Bxd4 dxc4
15. Ndxc4 Nxc4 16. Qxc4 Rc8 17. Qa4 Bxg2 18. Kxg2 Qd5+ 19. f3 Bc5 20. Bb2 Qd2+
21. Rf2 Qxe3 22. Raf1 Rfd8 23. Nc4 Qg5 24. Re2 Nd5 25. Re5 Qg6 26. h4 h6 27.
Re4 Nf6 28. Rf4 Kh7 29. Ne5 Qh5 30. Kh3 Bd4 31. Bxd4 Rxd4 32. Qxd4 Nd5 33. Rxf7
Rc7 34. g4 Qxf7 35. Nxf7 Rxf7 36. Qe4+ 1-0

[Event "FRA-chT2 0910"]
[Site "France"]
[Date "2009.10.04"]
[Round "1.8"]
[White "Auffret, Gaelle"]
[Black "Le Gallo, Frederic"]
[Result "0-1"]
[WhiteElo "1672"]
[BlackElo "2030"]
[PlyCount "82"]
[EventDate "2009.09.27"]
[EventType "team"]
[EventRounds "11"]
[EventCountry "FRA"]
[Source "ChessBase"]
[SourceDate "2010.03.11"]

1. d4 Nf6 2. c4 g6 3. Nc3 d5 4. e3 Bg7 5. Nf3 O-O 6. Bd2 c6 7. Rc1 Nbd7 8. cxd5
Nxd5 9. Nxd5 cxd5 10. Bd3 e5 11. dxe5 Nxe5 12. Nxe5 Bxe5 13. Bc3 Bxc3+ 14. Rxc3
d4 15. exd4 Re8+ 16. Be2 Bg4 17. Re3 Rxe3 18. fxe3 Bxe2 19. Kxe2 Qg5 20. g3
Qb5+ 21. Kf3 Qxb2 22. Qb3 Qd2 23. Qxb7 Re8 24. Qb3 Re6 25. Qa3 Rf6+ 26. Kg4
Qe2+ 27. Kh3 Qh5+ 28. Kg2 Qf3+ 29. Kh3 Qxh1 30. Qe7 Kg7 31. Qe5 Qf1+ 32. Kh4
Qf5 33. Qxf5 Rxf5 34. e4 Rh5+ 35. Kg4 Rxh2 36. Kf4 Rxa2 37. Ke5 f6+ 38. Ke6 Re2
39. e5 fxe5 40. dxe5 a5 41. Kd7 Rxe5 0-1

[Event "FRA-chT2 0910"]
[Site "France"]
[Date "2009.10.04"]
[Round "1.8"]
[White "Belloc, Sidonie"]
[Black "Pierret, Aralia"]
[Result "1/2-1/2"]
[WhiteElo "1801"]
[BlackElo "1800"]
[PlyCount "108"]
[EventDate "2009.09.27"]
[EventType "team"]
[EventRounds "11"]
[EventCountry "FRA"]
[Source "ChessBase"]
[SourceDate "2010.03.11"]

1. e4 e5 2. Nf3 Nc6 3. Nc3 d6 4. d4 exd4 5. Nxd4 Nxd4 6. Qxd4 Be6 7. Be2 Nf6 8.
Bg5 Be7 9. Rd1 O-O 10. O-O a6 11. Bc4 Bxc4 12. Qxc4 Ng4 13. Bf4 Bf6 14. f3 Ne5
15. Bxe5 Bxe5 16. f4 Bxc3 17. Qxc3 Qe7 18. Rfe1 Rfe8 19. e5 Qd7 20. exd6 Rxe1+
21. Qxe1 cxd6 22. Qd2 Rd8 23. Qd5 Qe7 24. Qd3 Qf6 25. Qd4 Qe6 26. b3 Qe2 27.
Qd2 Qb5 28. c4 Qc5+ 29. Qd4 Qxd4+ 30. Rxd4 Kf8 31. Kf2 Ke7 32. Ke3 Kd7 33. Kd2
Kc6 34. Rd5 g6 35. g4 Re8 36. Rd4 Re7 37. h3 f5 38. gxf5 gxf5 39. Rd5 Rf7 40.
Ke3 h5 41. Kd4 h4 42. a4 Rf6 43. b4 Rf7 44. b5+ axb5 45. cxb5+ Kc7 46. a5 Rf6
47. Kc4 Kb8 48. b6 Kc8 49. Kb5 Kb8 50. a6 bxa6+ 51. Kxa6 Ka8 52. Ra5 Kb8 53.
Rd5 Ka8 54. Rd3 Kb8 1/2-1/2

[Event "FRA-chT2 0910"]
[Site "France"]
[Date "2009.10.04"]
[Round "1.8"]
[White "Criqui, Laurence"]
[Black "Faby, Laetitia"]
[Result "0-1"]
[WhiteElo "1640"]
[BlackElo "1963"]
[PlyCount "34"]
[EventDate "2009.09.27"]
[EventType "team"]
[EventRounds "11"]
[EventCountry "FRA"]
[Source "ChessBase"]
[SourceDate "2010.03.11"]

1. e4 d6 2. d4 g6 3. Nf3 Bg7 4. Be2 Nf6 5. Nc3 O-O 6. O-O Nbd7 7. Re1 c6 8. h3
e5 9. dxe5 dxe5 10. Bc4 Qc7 11. Qe2 b5 12. Bd3 Nc5 13. b4 Ne6 14. Be3 Bb7 15.
Rad1 a6 16. Ng5 Nd4 17. Nf3 Nxe2+ 0-1

[Event "FRA-chT2 0910"]
[Site "France"]
[Date "2009.10.04"]
[Round "1.8"]
[White "Dieuleveut, Floriane"]
[Black "Fornell, Marie Therese"]
[Result "1-0"]
[WhiteElo "1626"]
[BlackElo "1510"]
[PlyCount "133"]
[EventDate "2009.09.27"]
[EventType "team"]
[EventRounds "11"]
[EventCountry "FRA"]
[Source "ChessBase"]
[SourceDate "2010.03.11"]

1. d4 c6 2. e4 d5 3. Nc3 dxe4 4. Nxe4 Bf5 5. Ng3 Bg6 6. h4 h6 7. h5 Bh7 8. Nf3
Nd7 9. Bf4 Qa5+ 10. Bd2 Qc7 11. Bc4 e6 12. a3 Ngf6 13. Ne2 Bd6 14. Qc1 O-O-O
15. Bf4 Nb6 16. Bb3 Nbd5 17. Bxd6 Rxd6 18. c4 Qa5+ 19. Qd2 Qxd2+ 20. Nxd2 Ne7
21. Nf3 Be4 22. c5 Rdd8 23. Ne5 Rhf8 24. Nxf7 Bd5 25. Bxd5 exd5 26. Nd6+ Kc7
27. Nf4 Rxd6 28. cxd6+ Kxd6 29. O-O Ne4 30. Nd3 Nf5 31. Ne5 Nxd4 32. Nd3 Rf5
33. g4 Rf3 34. Ne1 Rf4 35. f3 Ne2+ 36. Kg2 Ng5 37. Rf2 Nd4 38. Rd1 c5 39. Rd3
b5 40. Kg3 Nde6 41. Ng2 Rf6 42. Ne3 Nd4 43. b4 Rxf3+ 44. Rxf3 Ngxf3 45. Nf5+
Nxf5+ 46. Kxf3 c4 47. Rc3 d4 48. Rc2 d3 49. Rd2 Nd4+ 50. Ke4 c3 51. Rxd3 c2 52.
Rc3 Ne6 53. Rxc2 Ke7 54. Re2 Kf6 55. Rf2+ Kg5 56. Ke5 Nd8 57. Rf8 Nc6+ 58. Kd5
Nxb4+ 59. axb4 Kxg4 60. Rg8 Kxh5 61. Rxg7 a6 62. Ra7 Kg4 63. Rxa6 h5 64. Ra5 h4
65. Rxb5 h3 66. Rc5 Kg3 67. Rc1 1-0

[Event "FRA-chT2 0910"]
[Site "France"]
[Date "2009.10.04"]
[Round "1.8"]
[White "Guedouar, Houssem"]
[Black "Barakoff, Annie"]
[Result "1-0"]
[WhiteElo "1999"]
[BlackElo "1553"]
[PlyCount "48"]
[EventDate "2009.09.27"]
[EventType "team"]
[EventRounds "11"]
[EventCountry "FRA"]
[Source "ChessBase"]
[SourceDate "2010.03.11"]

1. c4 Nf6 2. g3 c5 3. Bg2 Nc6 4. Nc3 g6 5. e4 d6 6. Nge2 Bg7 7. O-O O-O 8. d3
a6 9. h3 Bd7 10. Be3 Rb8 11. a4 Nb4 12. d4 cxd4 13. Nxd4 e5 14. Nde2 Bc6 15. a5
b5 16. axb6 Bb7 17. Qb3 Nc6 18. Rfd1 Qe7 19. Rd2 Rfd8 20. Rad1 Qf8 21. Qa3 Ne8
22. c5 f5 23. cxd6 Qf7 24. exf5 gxf5 1-0

[Event "FRA-chT2 0910"]
[Site "France"]
[Date "2009.10.04"]
[Round "1.8"]
[White "Hourlier, Claire"]
[Black "Joguet, Myriam"]
[Result "1-0"]
[WhiteElo "1928"]
[BlackElo "1773"]
[PlyCount "63"]
[EventDate "2009.09.27"]
[EventType "team"]
[EventRounds "11"]
[EventCountry "FRA"]
[Source "ChessBase"]
[SourceDate "2010.03.11"]

1. e4 e6 2. d4 b6 3. Be3 Bb7 4. Bd3 d5 5. e5 Nd7 6. Ne2 c5 7. c3 cxd4 8. cxd4
Ne7 9. Ng3 Nc6 10. Nd2 Qh4 11. Nf3 Bb4+ 12. Bd2 Qe7 13. O-O Bxd2 14. Qxd2 h6
15. Qf4 Nb4 16. Bb1 Rc8 17. Qd2 O-O 18. a3 Nc6 19. Qd3 f5 20. exf6 Nxf6 21. Nh4
Rfe8 22. Nf3 Qd7 23. Ne5 Qd6 24. Re1 Na5 25. Qg6 Rc7 26. Nh5 Rf8 27. Nxf6+ Rxf6
28. Qh7+ Kf8 29. Qh8+ Ke7 30. Qxg7+ Kd8 31. Qxf6+ Kc8 32. Qh8+ 1-0

[Event "FRA-chT2 0910"]
[Site "France"]
[Date "2009.10.04"]
[Round "1.8"]
[White "Jeanjean, Dominique"]
[Black "Laurens, Julia"]
[Result "1-0"]
[WhiteElo "2104"]
[BlackElo "2004"]
[PlyCount "92"]
[EventDate "2009.09.27"]
[EventType "team"]
[EventRounds "11"]
[EventCountry "FRA"]
[Source "ChessBase"]
[SourceDate "2010.03.11"]

1. e4 c6 2. d4 d5 3. Nc3 dxe4 4. Nxe4 Nf6 5. Nxf6+ exf6 6. Nf3 Bd6 7. Be2 O-O
8. O-O Bg4 9. h3 Bh5 10. Be3 Re8 11. Ne1 Bxe2 12. Qxe2 f5 13. Qf3 Qf6 14. Nd3
Na6 15. Rfe1 g5 16. Bd2 Nc7 17. c4 Ne6 18. d5 Nd4 19. Qh5 f4 20. Bc3 h6 21. c5
Bf8 22. d6 b6 23. Rxe8 Rxe8 24. Bxd4 Qxd4 25. Qf3 bxc5 26. Qxc6 Rd8 27. Qc7
Rxd6 28. Nxc5 Rd5 29. Nb3 Qxb2 30. Qxa7 Kg7 31. Rf1 Ba3 32. Qa8 Rd6 33. Nc1 Rd2
34. Qe4 Rc2 35. Nd3 Qxa2 36. Qd4+ Kg8 37. Ra1 Qb3 38. Kh2 Rd2 39. Qd8+ Kg7 40.
Qd4+ Kg8 41. Qd8+ Kg7 42. Qd4+ f6 43. Qa7+ Kg6 44. Rxa3 Qb1 45. Ne5+ fxe5 46.
Ra6+ Kf5 1-0

[Event "FRA-chT2 0910"]
[Site "France"]
[Date "2009.10.04"]
[Round "1.8"]
[White "Jolly, Marie"]
[Black "Josse, Anais"]
[Result "1-0"]
[WhiteElo "1714"]
[BlackElo "1530"]
[PlyCount "53"]
[EventDate "2009.09.27"]
[EventType "team"]
[EventRounds "11"]
[EventCountry "FRA"]
[Source "ChessBase"]
[SourceDate "2010.03.11"]

1. d4 Nf6 2. Nf3 d6 3. c4 g6 4. Nc3 Bg7 5. e4 O-O 6. h3 Nc6 7. Be3 e5 8. d5 Ne7
9. Be2 Nd7 10. g4 Nf6 11. Nd2 h6 12. h4 Nd7 13. Nf1 Nb6 14. Ng3 f5 15. gxf5
gxf5 16. exf5 Nxf5 17. Nxf5 Bxf5 18. Qd2 Qf6 19. O-O-O Bg6 20. Bxh6 Qxf2 21.
Bxg7 Kxg7 22. h5 Bh7 23. Rdf1 Qd4 24. Qg5+ Kh8 25. h6 Rxf1+ 26. Rxf1 Rg8 27.
Qf6+ 1-0

[Event "FRA-chT2 0910"]
[Site "France"]
[Date "2009.10.04"]
[Round "1.8"]
[White "L'Huillier, Helene"]
[Black "Miller, Sophie"]
[Result "1-0"]
[WhiteElo "1937"]
[BlackElo "1810"]
[PlyCount "81"]
[EventDate "2009.09.27"]
[EventType "team"]
[EventRounds "11"]
[EventCountry "FRA"]
[Source "ChessBase"]
[SourceDate "2010.03.11"]

1. d4 d5 2. Nf3 Nf6 3. c4 Bg4 4. cxd5 Bxf3 5. exf3 Nxd5 6. Nc3 e6 7. Bc4 g6 8.
Nxd5 exd5 9. Qe2+ Be7 10. Qe5 O-O 11. Qxd5 Bb4+ 12. Kf1 Qxd5 13. Bxd5 Re8 14.
Be3 c6 15. Bb3 Nd7 16. a3 Ba5 17. g3 Kg7 18. Kg2 Rad8 19. Rhd1 Bb6 20. Rd3 Nf8
21. Rad1 Rd7 22. d5 c5 23. Ba4 Rxe3 24. fxe3 Rd6 25. e4 f6 26. f4 Bd8 27. e5
fxe5 28. fxe5 Rb6 29. Rb3 Rxb3 30. Bxb3 b5 31. Re1 c4 32. Bd1 h5 33. Kf3 g5 34.
h3 Kf7 35. Ke4 h4 36. gxh4 gxh4 37. Bh5+ Ke7 38. d6+ Kd7 39. Kd5 Nh7 40. e6+
Kc8 41. Kc6 1-0

[Event "FRA-chT2 0910"]
[Site "France"]
[Date "2009.10.04"]
[Round "1.8"]
[White "Le Berre, Tennessee"]
[Black "Durczak, Melanie"]
[Result "1/2-1/2"]
[WhiteElo "1822"]
[BlackElo "1689"]
[PlyCount "92"]
[EventDate "2009.09.27"]
[EventType "team"]
[EventRounds "11"]
[EventCountry "FRA"]
[Source "ChessBase"]
[SourceDate "2010.03.11"]

1. e4 d5 2. exd5 Nf6 3. d4 Bg4 4. Nf3 Nxd5 5. c4 Nb6 6. Be3 e6 7. Nc3 N8d7 8.
Bd3 Be7 9. O-O Bf6 10. Ne4 Qe7 11. Rc1 Rc8 12. Nxf6+ Nxf6 13. Be2 Nbd7 14. Qa4
a6 15. Rfd1 O-O 16. Qc2 c5 17. dxc5 Nxc5 18. b4 Ncd7 19. a3 b5 20. Qb3 e5 21.
cxb5 axb5 22. Qa2 Be6 23. Qb2 Bc4 24. Bxc4 Rxc4 25. Rxc4 bxc4 26. Nd2 Rc8 27.
Rc1 Qe6 28. Nb3 h6 29. Nc5 Nxc5 30. Bxc5 Ne4 31. Be3 c3 32. Qc2 Qc4 33. f3 Nd2
34. Bc5 Nb3 35. Qxc3 Qd5 36. Rc2 Nd4 37. Rd2 Qc6 38. Qe3 f6 39. Bxd4 Qc1+ 40.
Kf2 exd4 41. Qxd4 Qxa3 42. b5 Rb8 43. b6 Qa6 44. Rb2 Qb7 45. Rb4 Qc6 46. Qe4
Qc5+ 1/2-1/2

[Event "FRA-chT2 0910"]
[Site "France"]
[Date "2009.10.04"]
[Round "1.8"]
[White "Le Du, Michel"]
[Black "Josse, Mathilde"]
[Result "1/2-1/2"]
[WhiteElo "1932"]
[BlackElo "1702"]
[PlyCount "75"]
[EventDate "2009.09.27"]
[EventType "team"]
[EventRounds "11"]
[EventCountry "FRA"]
[Source "ChessBase"]
[SourceDate "2010.03.11"]

1. e4 g6 2. d4 Bg7 3. Nc3 d6 4. Be3 a6 5. Qd2 b5 6. a3 Nd7 7. Nge2 Bb7 8. Ng3
Rc8 9. Be2 Ngf6 10. O-O O-O 11. f4 c5 12. Bf3 Nb6 13. b3 Qc7 14. Rac1 Rfd8 15.
d5 Nfd7 16. Bg4 b4 17. axb4 cxb4 18. Nd1 a5 19. Bxd7 Rxd7 20. f5 Ba6 21. Rf3
Rdd8 22. fxg6 hxg6 23. Qf2 Nd7 24. Rxf7 Bf6 25. Rxf6 exf6 26. Bd4 Rf8 27. Ne2
g5 28. Ne3 Ne5 29. Nf5 Qd7 30. Bb2 Ng4 31. Qf3 Ne5 32. Qf2 Bxe2 33. Qxe2 Qa7+
34. Bd4 Qc7 35. Qh5 Qh7 36. Qe2 Ra8 37. Nxd6 Nf7 38. Nf5 1/2-1/2

[Event "FRA-chT2 0910"]
[Site "France"]
[Date "2009.10.04"]
[Round "1.8"]
[White "Monpeurt, Cyrielle"]
[Black "Genzling, Sylvie"]
[Result "1/2-1/2"]
[WhiteElo "1818"]
[BlackElo "1967"]
[PlyCount "129"]
[EventDate "2009.09.27"]
[EventType "team"]
[EventRounds "11"]
[EventCountry "FRA"]
[Source "ChessBase"]
[SourceDate "2010.03.11"]

1. e4 e6 2. d4 d5 3. Nc3 Nf6 4. Bg5 dxe4 5. Nxe4 Be7 6. Nxf6+ Bxf6 7. Bxf6 Qxf6
8. Nf3 O-O 9. Bd3 Bd7 10. O-O Nc6 11. c3 Rad8 12. Re1 Rfe8 13. Ne5 Nxe5 14.
Rxe5 Bc6 15. Qg4 Rd5 16. Rae1 Red8 17. Qh3 g6 18. R1e3 Qf4 19. R5e4 Qf6 20. Rh4
Qe7 21. f4 Bd7 22. Qg3 Ra5 23. f5 Rxa2 24. fxg6 hxg6 25. Qxc7 Ra1+ 26. Kf2 Qf6+
27. Rf4 Qe7 28. Qe5 Qf8 29. Rh3 Qg7 30. Qc7 Rf8 31. Qxd7 e5 32. dxe5 Qxe5 33.
Re4 Qf6+ 34. Rf3 Qb6+ 35. Qd4 Qxb2+ 36. Re2 Qc1 37. Rh3 Qg1+ 38. Kg3 Qxd4 39.
cxd4 Rd8 40. Re4 a5 41. Bc4 Ra4 42. Reh4 Ra3+ 43. Kf2 Rxh3 44. gxh3 Kg7 45. Re4
a4 46. d5 a3 47. Re2 b5 48. Bb3 Kf6 49. Ke1 Kg5 50. Kd2 f5 51. Kc3 Kf4 52. Kb4
Kf3 53. Ra2 f4 54. Rxa3 Kg2 55. Ra2+ Kxh3 56. Kxb5 f3 57. Kc6 Rf8 58. Rf2 g5
59. d6 g4 60. d7 g3 61. hxg3 Kxg3 62. Rxf3+ Kxf3 63. Kc7 Kf4 64. Kd6 Rd8 65.
Ke7 1/2-1/2

[Event "FRA-chT2 0910"]
[Site "France"]
[Date "2009.10.04"]
[Round "1.8"]
[White "Mottais, Marie"]
[Black "Pays, Natacha"]
[Result "1-0"]
[WhiteElo "1470"]
[BlackElo "1500"]
[PlyCount "63"]
[EventDate "2009.09.27"]
[EventType "team"]
[EventRounds "11"]
[EventCountry "FRA"]
[Source "ChessBase"]
[SourceDate "2010.03.11"]

1. e4 e5 2. Nf3 Nc6 3. Nc3 Bc5 4. Nxe5 Nxe5 5. d4 Bd6 6. dxe5 Bxe5 7. Bc4 d6 8.
Nd5 Be6 9. Qe2 c6 10. Nf4 Bxc4 11. Qxc4 Qf6 12. Nd3 Ne7 13. h4 h6 14. f4 Bd4
15. c3 Bb6 16. Bd2 Qg6 17. O-O-O Qxg2 18. f5 d5 19. exd5 Qxd5 20. Qxd5 Nxd5 21.
Rde1+ Kd8 22. c4 Ne7 23. f6 gxf6 24. Bc3 Re8 25. Bxf6 Bc7 26. Re4 Bd6 27. c5
Bc7 28. Rhe1 Kd7 29. Rxe7+ Rxe7 30. Rxe7+ Kd8 31. Rxf7+ Ke8 32. Rxc7 1-0

[Event "FRA-chT2 0910"]
[Site "France"]
[Date "2009.10.04"]
[Round "1.8"]
[White "Mousset Evtouchenko, Nina"]
[Black "Rascle, Adeline"]
[Result "1-0"]
[WhiteElo "1755"]
[BlackElo "1576"]
[PlyCount "129"]
[EventDate "2009.09.27"]
[EventType "team"]
[EventRounds "11"]
[EventCountry "FRA"]
[Source "ChessBase"]
[SourceDate "2010.03.11"]

1. e4 e5 2. Nf3 Nc6 3. Bc4 d6 4. d3 Be7 5. h3 Nf6 6. c3 Bd7 7. O-O h6 8. Bb3
O-O 9. Be3 Qc8 10. Nbd2 Nh7 11. Re1 Qd8 12. Nf1 Ng5 13. N1h2 Kh8 14. Nxg5 Bxg5
15. Nf3 Bxe3 16. Rxe3 f5 17. exf5 Rxf5 18. d4 Qf6 19. Bc2 Rh5 20. dxe5 Nxe5 21.
Nxe5 Rxe5 22. Rxe5 Qxe5 23. Qd3 Kg8 24. Qh7+ Kf8 25. Qh8+ Ke7 26. Qxa8 Bc6 27.
Qxa7 Qg5 28. Qe3+ Qxe3 29. fxe3 Ke6 30. Rf1 Be8 31. Rf4 Kd7 32. Kf2 Ke7 33. g4
g5 34. Re4+ Kd7 35. Ba4+ c6 36. b4 Bf7 37. c4 b6 38. Bb3 Bg6 39. Rd4 c5 40.
bxc5 bxc5 41. Rd2 Ke6 42. Bc2 Bf7 43. Be4 Ke5 44. Bd5 Be8 45. Rb2 Kf6 46. Rb6
Ke7 47. Rb7+ Kf6 48. Ra7 Ke5 49. Re7+ Kf6 50. Rxe8 Kg7 51. a4 Kh7 52. a5 h5 53.
gxh5 Kh6 54. Bf7 Kg7 55. Bg6 Kf6 56. a6 g4 57. hxg4 Kg5 58. Kg3 d5 59. cxd5 c4
60. a7 c3 61. Rc8 c2 62. a8=Q c1=Q 63. Rxc1 Kh6 64. Kf4 Kg7 65. Rc7+ 1-0

[Event "FRA-chT2 0910"]
[Site "France"]
[Date "2009.10.04"]
[Round "1.8"]
[White "Pelletier, Rachel"]
[Black "Huchet, Francois"]
[Result "0-1"]
[WhiteElo "1780"]
[BlackElo "1978"]
[PlyCount "58"]
[EventDate "2009.09.27"]
[EventType "team"]
[EventRounds "11"]
[EventCountry "FRA"]
[Source "ChessBase"]
[SourceDate "2010.03.11"]

1. c4 e5 2. Nc3 d6 3. g3 g6 4. Bg2 Bg7 5. d3 c6 6. Nf3 Ne7 7. O-O O-O 8. Rb1
Bg4 9. Bg5 h6 10. Bc1 Nd7 11. b4 a6 12. a4 d5 13. Qc2 Rc8 14. Re1 Be6 15. Nd2
f5 16. Ba3 e4 17. dxe4 fxe4 18. Nd1 Nf5 19. Bb2 Nd4 20. Bxd4 Bxd4 21. e3 Bg7
22. Nb2 Ne5 23. Red1 Qf6 24. Rf1 Bg4 25. Nb3 Nf3+ 26. Kh1 Qf5 27. Nd2 Bh3 28.
Nxf3 Bxg2+ 29. Kxg2 exf3+ 0-1

[Event "FRA-chT2 0910"]
[Site "France"]
[Date "2009.10.04"]
[Round "1.8"]
[White "Soissong, Elzbieta"]
[Black "Mamah, Isabelle"]
[Result "0-1"]
[WhiteElo "1683"]
[BlackElo "1718"]
[PlyCount "90"]
[EventDate "2009.09.27"]
[EventType "team"]
[EventRounds "11"]
[EventCountry "FRA"]
[Source "ChessBase"]
[SourceDate "2010.03.11"]

1. d4 Nf6 2. Nf3 g6 3. Nbd2 d5 4. e3 Bg7 5. Bd3 c5 6. c3 Nbd7 7. O-O O-O 8. Re1
Qc7 9. e4 cxd4 10. cxd4 dxe4 11. Nxe4 Nxe4 12. Rxe4 Nf6 13. Bf4 Qb6 14. Re2 Be6
15. b3 Bg4 16. Be5 Bxf3 17. gxf3 Nd5 18. Bc4 Nc3 19. Qd2 Nxe2+ 20. Bxe2 Rad8
21. Bxg7 Kxg7 22. Rd1 e6 23. Bc4 Rd6 24. Qe3 Rfd8 25. Qe5+ f6 26. Qe3 Rxd4 27.
Rxd4 Rxd4 28. Bxe6 Rd1+ 29. Kg2 Qxe3 30. fxe3 Rd2+ 31. Kg3 Rxa2 32. h3 b5 33.
f4 Ra6 34. Bd5 Rd6 35. e4 f5 36. Kf3 fxe4+ 37. Kxe4 Kf6 38. h4 a5 39. Bg8 h6
40. Bd5 a4 41. bxa4 bxa4 42. Ba2 Rd2 43. Bc4 a3 44. Ke3 Rh2 45. h5 Rxh5 0-1

[Event "FRA-chT2 0910"]
[Site "France"]
[Date "2009.10.04"]
[Round "1.8"]
[White "Tatard, Marie"]
[Black "Granjard, Karine"]
[Result "1-0"]
[WhiteElo "1885"]
[BlackElo "1674"]
[PlyCount "83"]
[EventDate "2009.09.27"]
[EventType "team"]
[EventRounds "11"]
[EventCountry "FRA"]
[Source "ChessBase"]
[SourceDate "2010.03.11"]

1. e4 d6 2. Nc3 g6 3. h3 Bg7 4. d4 Nd7 5. Nf3 c5 6. Be2 Qb6 7. Nd5 Qc6 8. Bb5
Qxd5 9. exd5 a6 10. Bxd7+ Bxd7 11. dxc5 Bb5 12. c3 Nf6 13. Nd4 Bc4 14. b3 Bxd5
15. O-O dxc5 16. Nf3 Rd8 17. Bb2 O-O 18. Qe2 Rfe8 19. c4 Bc6 20. Rad1 Rc8 21.
Be5 b5 22. Rfe1 Bf8 23. Bf4 Ne4 24. Qe3 Bg7 25. Be5 f6 26. Ba1 Nd6 27. Rd2 bxc4
28. bxc4 Ne4 29. Rde2 e5 30. Nd2 Ng5 31. Nb3 Ne6 32. Rd2 Bf8 33. Qg3 Nf4 34. f3
Rcd8 35. Red1 Rxd2 36. Rxd2 Rd8 37. Qf2 Rxd2 38. Qxd2 Ne6 39. Qa5 Bb7 40. Qb6
Bc8 41. Qc6 Nd4 42. Qxc8 1-0

[Event "FRA-chT2 0910"]
[Site "France"]
[Date "2009.10.04"]
[Round "1.8"]
[White "Viennot, Dylan"]
[Black "Mollard, Anne"]
[Result "1-0"]
[WhiteElo "1934"]
[BlackElo "1822"]
[PlyCount "53"]
[EventDate "2009.09.27"]
[EventType "team"]
[EventRounds "11"]
[EventCountry "FRA"]
[Source "ChessBase"]
[SourceDate "2010.03.11"]

1. e4 d6 2. d4 g6 3. Nc3 Bg7 4. Nf3 Nf6 5. Bg5 c6 6. Bd3 O-O 7. Qd2 Nbd7 8. O-O
Qc7 9. Rad1 Rb8 10. e5 dxe5 11. dxe5 Ng4 12. e6 fxe6 13. h3 Nge5 14. Nxe5 Nxe5
15. Be2 Nf7 16. Be3 b6 17. Bf3 Bb7 18. Bg4 Rbd8 19. Qe2 Bc8 20. Qc4 e5 21. Bf3
Bb7 22. Nd5 Rxd5 23. Bxd5 c5 24. Bxb7 Qxb7 25. Qd5 Qxd5 26. Rxd5 Nd6 27. Bg5
1-0

[Event "FRA-chT2 0910"]
[Site "France"]
[Date "2009.10.04"]
[Round "1.8"]
[White "Vigneron, Jean"]
[Black "Mourot, Clara"]
[Result "1-0"]
[WhiteElo "1907"]
[BlackElo "1980"]
[PlyCount "127"]
[EventDate "2009.09.27"]
[EventType "team"]
[EventRounds "11"]
[EventCountry "FRA"]
[Source "ChessBase"]
[SourceDate "2010.03.11"]

1. d4 Nf6 2. Bf4 c5 3. e3 g6 4. c3 Qb6 5. Qb3 Qxb3 6. axb3 d6 7. dxc5 dxc5 8.
Bxb8 Rxb8 9. Bb5+ Nd7 10. Rxa7 Bg7 11. Nf3 O-O 12. O-O Ne5 13. Nxe5 Bxe5 14.
Na3 Rd8 15. Nc4 Bf6 16. e4 Be6 17. Raa1 Bxc4 18. bxc4 Rd2 19. Rab1 Rbd8 20. Ba4
Re2 21. Rfe1 Rdd2 22. Rxe2 Rxe2 23. Kf1 Rxe4 24. Bb5 Rh4 25. h3 Rf4 26. Rd1 Bh4
27. f3 e5 28. Rd3 e4 29. Re3 f5 30. Ke2 Bg3 31. Bd7 Bh2 32. Kf1 Kf8 33. Be6 Ke7
34. Bd5 b6 35. g4 Bg3 36. Kg2 Bh4 37. gxf5 gxf5 38. Kf1 Bg5 39. Kg2 Rh4 40. Re1
e3 41. Ra1 Rh6 42. Ra7+ Kf6 43. b4 Bh4 44. Kf1 cxb4 45. cxb4 Bf2 46. f4 Rh4 47.
Rf7+ Kg6 48. Rb7 Rxf4 49. Rxb6+ Kg5 50. Ke2 Rd4 51. Kf3 Rh4 52. Kg2 Kf4 53. Re6
Rh5 54. b5 Rg5+ 55. Kf1 Rg1+ 56. Ke2 Re1+ 57. Kd3 Rd1+ 58. Kc2 Rd2+ 59. Kc1 Be1
60. b6 e2 61. b7 Rd1+ 62. Kc2 Rd2+ 63. Kb3 Rd3+ 64. Ka4 1-0

[Event "FRA-chT2 0910"]
[Site "France"]
[Date "2009.10.04"]
[Round "1.8"]
[White "Vignette, Jeanne"]
[Black "Bramme, Isabelle"]
[Result "0-1"]
[WhiteElo "1550"]
[BlackElo "1983"]
[PlyCount "56"]
[EventDate "2009.09.27"]
[EventType "team"]
[EventRounds "11"]
[EventCountry "FRA"]
[Source "ChessBase"]
[SourceDate "2010.03.11"]

1. e4 e6 2. d4 d5 3. Nd2 Nc6 4. c3 Nf6 5. e5 Nd7 6. f4 Be7 7. Ndf3 f6 8. Bd3
O-O 9. Ne2 fxe5 10. dxe5 Nc5 11. Bc2 a5 12. Be3 b6 13. h4 Ba6 14. Ng5 Bxg5 15.
hxg5 Ne4 16. Nd4 Nxd4 17. cxd4 Qe8 18. Rc1 Rc8 19. Qg4 g6 20. Qh3 Qe7 21. a3
Rf7 22. Bb3 Qd7 23. Bd1 Rcf8 24. Bg4 Qb5 25. Qf3 Nxg5 26. Qd1 Qxb2 27. a4 Qxg2
28. Rg1 Qe4 0-1

[Event "FRA-chT2 0910"]
[Site "France"]
[Date "2009.10.17"]
[Round "2.1"]
[White "Becht, Lucas"]
[Black "Iverieli, Luca"]
[Result "1-0"]
[WhiteElo "2239"]
[BlackElo "2138"]
[PlyCount "109"]
[EventDate "2009.09.27"]
[EventType "team"]
[EventRounds "11"]
[EventCountry "FRA"]
[Source "ChessBase"]
[SourceDate "2010.03.11"]

1. e4 c5 2. Nf3 d6 3. d4 cxd4 4. Nxd4 Nf6 5. f3 e5 6. Nb3 a6 7. c4 Be6 8. Be3
Nbd7 9. Nc3 Be7 10. Be2 O-O 11. O-O Nh5 12. Qd2 Nf4 13. Nd5 Nxe2+ 14. Qxe2 Bxd5
15. cxd5 f5 16. exf5 Rxf5 17. Qd3 Rf8 18. Rac1 Bg5 19. Bxg5 Qxg5 20. Na5 b6 21.
Nc4 Rf6 22. Qe3 Qh4 23. Nxb6 Nxb6 24. Qxb6 Rh6 25. h3 Rg6 26. Qb7 Rf8 27. Qd7
Qd4+ 28. Rf2 Qxd5 29. Rc8 Rgf6 30. b3 e4 31. Rxf8+ Rxf8 32. Qe7 Qd1+ 33. Rf1
Qd4+ 34. Kh1 Qd3 35. Kg1 Qd4+ 36. Kh2 exf3 37. Qe6+ Kh8 38. Rxf3 Rg8 39. Rf7 d5
40. Qxa6 Qe5+ 41. Kh1 h6 42. Qd3 Rc8 43. Rf1 Qb2 44. a4 d4 45. Kh2 Kg8 46. Rf4
Rc3 47. Qb5 Qxb3 48. Qe8+ Kh7 49. Rf8 Rxh3+ 50. gxh3 Qc2+ 51. Kg1 Qc1+ 52. Kf2
Qb2+ 53. Qe2 Qa3 54. Qe4+ g6 55. Qb7+ 1-0

[Event "FRA-chT2 0910"]
[Site "France"]
[Date "2009.10.17"]
[Round "2.1"]
[White "Bleunven, Andre"]
[Black "Gaborit, Jean Pierre"]
[Result "1/2-1/2"]
[WhiteElo "2293"]
[BlackElo "2228"]
[PlyCount "60"]
[EventDate "2009.09.27"]
[EventType "team"]
[EventRounds "11"]
[EventCountry "FRA"]
[Source "ChessBase"]
[SourceDate "2010.03.11"]

1. d4 Nf6 2. Nf3 g6 3. c4 Bg7 4. Nc3 d5 5. e3 O-O 6. Qb3 dxc4 7. Bxc4 c5 8.
dxc5 Qa5 9. Bd2 Qxc5 10. Rc1 Nc6 11. Ne2 Qb6 12. Qxb6 axb6 13. Bc3 Na5 14. Bb5
Be6 15. a3 Rfc8 16. O-O Bc4 17. Bxc4 Nxc4 18. Rc2 Ne4 19. Bxg7 Kxg7 20. Rfc1
Ned6 21. Nc3 e6 22. Nb5 Nxb5 23. Rxc4 Nd6 24. Rxc8 Rxc8 25. Rxc8 Nxc8 26. Kf1
f6 27. Ke2 Kf7 28. Kd3 Ke7 29. Nd2 Kd7 30. a4 Ne7 1/2-1/2